| 000 | 01970nam a2200229 4500 | ||
|---|---|---|---|
| 003 | AUA.1 | ||
| 005 | 20180201180556.0 | ||
| 008 | 180201b xxu||||| |||| 00| 0 eng d | ||
| 020 | _a0268021767 | ||
| 020 | _a9780268021764 | ||
| 040 | _cJTL | ||
| 050 |
_aUH20 _b.S96 2004 |
||
| 245 |
_aThe sword of the Lord : _bmilitary chaplains from the first to the twenty-first century / _cedited by Doris L Bergen. |
||
| 260 |
_aNotre Dame, Ind. : _bUniversity of Notre Dame Press, _cc2004. |
||
| 300 |
_axiv, 298 p. : _bill. ; _c24 cm. |
||
| 440 | _aCritical problems in history. | ||
| 504 | _aIncludes bibliographical references (p. 271-286) and indexes. | ||
| 505 | _a Emperors, priests, and bishops : military chaplains in the Roman Empire / Ralph W. Mathisen -- Liturgy of war from antiquity to the crusades / Michael McCormick -- Medieval military chaplain and his duties / David S. Bachrach -- Did the nature of the enemy make a difference? : chaplains in the Wars of the Three Kingdoms, 1642-49 / Anne Laurence -- Faith, morale, and the Army chaplain in the American Civil War / Gardiner H. Shattuck, Jr. -- In the service of two kings : Protestant Prussian military chaplains, 1713-1918 / Hartmut Lehmann -- "Where's the padre?" : Canadian memory and the Great War chaplains / Duff Crerar -- German military chaplains in the Second World War and the dilemmas of legitimacy / Doris L. Bergen -- "We will be" : experiences of an American Jewish chaplain in the Second World War / Max B. Wall -- Clergy in the military-- Vietnam and after : one chaplain's reflections / Joseph F. O'Donnell -- From morale builders to moral advocates : U.S. Army chaplains in the second half of the twentieth century / Anne C. Loveland -- In place of an afterword : my argument with Fr. William Corby, C.S.C. / Michael J. Baxter. | ||
| 650 |
_aChaplains, Military _xHistory. |
||
| 700 |
_a Bergen, Doris L. _eed. |
||
| 942 |
_2lcc _cBOOK _hUH 20 _i.S96 2004 |
||
| 999 |
_c19233 _d19233 |
||